[Event "4NCL Division 4 South"]
[Site "Reading, ENG"]
[Date "2018.05.06"]
[Round "10.99"]
[White "McCorry, Robert T"]
[Black "Tombolis, Christopher"]
[Result "0-1"]
[WhiteElo "2018"]
[BlackElo "1853"]
[PlyCount "106"]
[EventDate "2018.05.06"]

1. e4 c5 2. Nf3 Nc6 3. d4 cxd4 4. Nxd4 Nf6 5. Nc3 g6 6. Be3 Bg7 7. Bc4 O-O 8.
f3 Qb6 9. Qd2 Nxe4 10. fxe4 Bxd4 11. Bxd4 Qxd4 12. Qxd4 Nxd4 13. O-O-O Nc6 14.
Rhe1 d6 15. Nb5 Bg4 16. Rd2 a6 17. Nc3 b5 18. Bb3 Rac8 19. h3 Be6 20. Bxe6 fxe6
21. Nd1 Ne5 22. b3 Rf4 23. Kb2 Rcf8 24. Ree2 Rf1 25. Nf2 Rg1 26. Nd3 Nxd3+ 27.
Rxd3 Rff1 28. Ka3 a5 29. c4 bxc4 30. bxc4 Rc1 31. Ka4 Rxc4+ 32. Kxa5 Rc5+ 33.
Kb6 Rgc1 34. Rb3 Rc7 35. a4 R1c6+ 36. Kb5 Rc5+ 37. Ka6 Rc8 38. Ra2 Ra8+ 39. Kb7
Rg5 40. Rb4 Kf7 41. Kc6 Ke8 42. Kc7 Rc5+ 43. Kb7 Rcc8 44. Rc4 Rd8 45. a5 Rab8+
46. Ka7 Kd7 47. a6 Ra8+ 48. Kb6 Rdb8+ 49. Ka5 Rxa6+ 50. Kxa6 Ra8+ 51. Kb5 Rxa2
52. g4 Ra3 53. h4 Rh3 0-1

[Event "4NCL Division 4 South"]
[Site "Reading, ENG"]
[Date "2018.05.06"]
[Round "10.99"]
[White "Jamroz, Viktor"]
[Black "Judkins, Brian D"]
[Result "1/2-1/2"]
[WhiteElo "1757"]
[BlackElo "1738"]
[PlyCount "43"]
[EventDate "2018.05.06"]

1. e4 e5 2. Nf3 Nf6 3. Nxe5 d6 4. Nf3 Nxe4 5. Nc3 Nf6 6. d4 Be7 7. Bd3 O-O 8.
h3 Re8 9. O-O Nbd7 10. Re1 Nf8 11. a4 Ng6 12. Bd2 c6 13. b4 d5 14. Qb1 Bd7 15.
a5 a6 16. Na4 Qc7 17. c3 Bd6 18. Rxe8+ Rxe8 19. Nc5 Nf4 20. Nxd7 Qxd7 21. Bxf4
Bxf4 22. Qc2 1/2-1/2

[Event "4NCL Division 4 South"]
[Site "Reading, ENG"]
[Date "2018.05.06"]
[Round "10.99"]
[White "Mountford, Corinne"]
[Black "Roy, Anika Rachna"]
[Result "1-0"]
[WhiteElo "1720"]
[BlackElo "1239"]
[PlyCount "77"]
[EventDate "2018.05.06"]

1. d4 d5 2. Bf4 Nf6 3. e3 Bf5 4. Nd2 e6 5. Ngf3 c5 6. Bb5+ Nc6 7. Ne5 Qb6 8.
Bxc6+ bxc6 9. c3 Be7 10. Qb3 Rc8 11. O-O Ng4 12. Ndf3 f6 13. Nxg4 Bxg4 14. Nd2
O-O 15. f3 Bf5 16. e4 Bg6 17. Be3 Rb8 18. Rfe1 c4 19. Qxb6 Rxb6 20. b3 cxb3 21.
axb3 Rb7 22. Ra6 Rc8 23. Rea1 f5 24. exf5 exf5 25. Rxa7 Rxa7 26. Rxa7 Bd6 27.
b4 f4 28. Bf2 Bc2 29. g3 Re8 30. Ra2 Bd1 31. Ra1 Bc2 32. Rc1 Ba4 33. Nb1 Rf8
34. Re1 fxg3 35. hxg3 Rxf3 36. Kg2 Rf6 37. Nd2 Kf7 38. Nf3 Re6 39. Ng5+ 1-0

[Event "4NCL Division 4 South"]
[Site "Reading, ENG"]
[Date "2018.05.06"]
[Round "10.99"]
[White "Jamroz, Krzysztof"]
[Black "Rudge, Jerry F"]
[Result "1-0"]
[WhiteElo "2000"]
[BlackElo "2072"]
[PlyCount "73"]
[EventDate "2018.05.06"]

1. e4 c5 2. Nf3 e6 3. c3 Nf6 4. e5 Nd5 5. Bc4 Nb6 6. Bb3 c4 7. Bc2 d5 8. d4
cxd3 9. Qxd3 Nc6 10. O-O Nd7 11. Re1 b6 12. Bf4 Nc5 13. Qe3 a5 14. Nd4 Nxd4 15.
cxd4 Na6 16. a3 Bd7 17. Nd2 Qc7 18. Bd3 Qb7 19. Qe2 Nc7 20. Rec1 Be7 21. Rc2
Kf8 22. Rac1 Ne8 23. Nf3 h6 24. h4 g6 25. g3 Kg7 26. Nh2 h5 27. Nf3 Bd8 28. Bg5
Bxg5 29. Nxg5 Ra7 30. b3 Qb8 31. g4 hxg4 32. Qxg4 Rc7 33. Rxc7 Nxc7 34. Nxf7
Kxf7 35. Qxg6+ Kf8 36. Qf6+ Kg8 37. Kh2 1-0

[Event "4NCL Division 4 South"]
[Site "Reading, ENG"]
[Date "2018.05.06"]
[Round "10.99"]
[White "Lancaster, Roger"]
[Black "Dias, Savin"]
[Result "0-1"]
[WhiteElo "1997"]
[BlackElo "1738"]
[PlyCount "44"]
[EventDate "2018.05.06"]

1. e4 c5 2. Nc3 g6 3. g3 Nc6 4. Bg2 Bg7 5. d3 e6 6. Be3 b6 7. Qd2 Nge7 8. Nge2
Bb7 9. d4 d6 10. O-O-O O-O 11. f4 Na5 12. dxc5 dxc5 13. b3 a6 14. Na4 Qc7 15.
Qd7 Qxd7 16. Rxd7 Nc8 17. Rd2 Bc6 18. Nxb6 Nxb6 19. Bxc5 Rab8 20. Rhd1 Nbc4 21.
bxc4 Bb2+ 22. Kb1 Nxc4 0-1

[Event "4NCL Division 4 South"]
[Site "Reading, ENG"]
[Date "2018.05.06"]
[Round "10.99"]
[White "Buanne, Luca"]
[Black "Dunlop, Neil J"]
[Result "0-1"]
[WhiteElo "1422"]
[BlackElo "1811"]
[PlyCount "36"]
[EventDate "2018.05.06"]

1. e4 d5 2. exd5 Qxd5 3. Nc3 Qd6 4. d4 Nf6 5. Nf3 c6 6. Be2 Bf5 7. O-O Nbd7 8.
Bg5 e6 9. Re1 Be7 10. Bh4 Qc7 11. Bf1 O-O 12. h3 h6 13. Rc1 Bd6 14. Ne2 Ne4 15.
Nd2 Ndf6 16. Nc4 Bh2+ 17. Kh1 g5 18. g3 Nxf2+ 0-1

[Event "4NCL Division 4 South"]
[Site "Reading, ENG"]
[Date "2018.05.06"]
[Round "10.99"]
[White "Nelson, Omowale"]
[Black "McMahon, Paul"]
[Result "1-0"]
[WhiteElo "1976"]
[BlackElo "1931"]
[PlyCount "93"]
[EventDate "2018.05.06"]

1. d4 d5 2. c4 e6 3. Nf3 Nf6 4. g3 c6 5. Bg2 Nbd7 6. Qc2 Be7 7. O-O O-O 8. b3
c5 9. Bb2 b6 10. Nbd2 Bb7 11. Rfd1 Rc8 12. Ne5 cxd4 13. Bxd4 Ba6 14. Qb2 Nc5
15. Rac1 Rc7 16. b4 Ncd7 17. cxd5 Rxc1 18. Rxc1 exd5 19. Nc6 Qe8 20. Nxa7 Bxe2
21. Re1 Bg4 22. Nc6 Be6 23. f4 g6 24. Bh3 Bd6 25. Bxf6 Nxf6 26. Qxf6 Qxc6 27.
Rxe6 Qc1+ 28. Nf1 Bxb4 29. Kg2 Qc2+ 30. Kf3 30... Qd1+ $11 31. Re2 Re8 32. Qb2
Bc5 33. Qd2 Qa4 34. Rxe8+ Qxe8 35. Qxd5 Qe1 36. Qd2 Qb1 37. Qd8+ Kg7 38. Qd2
Qb5 39. Qd5 Qb1 40. Qe5+ Kg8 41. Qe2 Kg7 42. Kg2 Kg8 43. Bd7 Qb4 44. Bc6 h6 45.
Qe8+ Kg7 46. Bd5 Qb2+ 47. Kh3 1-0

[Event "4NCL Division 4 South"]
[Site "Reading, ENG"]
[Date "2018.05.06"]
[Round "10.99"]
[White "Ribbands, Patrick C"]
[Black "Karamazondo, Ernest"]
[Result "1/2-1/2"]
[WhiteElo "1720"]
[BlackElo "1874"]
[PlyCount "45"]
[EventDate "2018.05.06"]

1. c4 e5 2. Nc3 Nc6 3. g3 Nf6 4. Bg2 Bc5 5. e3 O-O 6. Nge2 Re8 7. O-O d6 8. b3
Bf5 9. e4 Bg4 10. h3 Bxe2 11. Nxe2 h6 12. Bb2 a5 13. a3 Rb8 14. Qc2 Qe7 15. Kh2
b5 16. d3 bxc4 17. bxc4 Rb7 18. Bc3 Reb8 19. Qa4 Qe8 20. f4 Bd4 21. Bxd4 Nxd4
22. Qxe8+ Nxe8 23. Nxd4 1/2-1/2

[Event "4NCL Division 4 South"]
[Site "Reading, ENG"]
[Date "2018.05.06"]
[Round "10.99"]
[White "Sloan, Cecil"]
[Black "Yeruva, Srujan"]
[Result "1-0"]
[WhiteElo "1605"]
[BlackElo "1450"]
[PlyCount "49"]
[EventDate "2018.05.06"]

1. e4 c5 2. d4 cxd4 3. c3 dxc3 4. Nxc3 d6 5. Nf3 Nc6 6. Bc4 e6 7. O-O Nf6 8.
Qe2 Be7 9. Rd1 Qc7 10. Bf4 a6 11. Rac1 O-O 12. Bb3 Rd8 13. Nd5 exd5 14. exd5
Nxd5 15. Bxd5 Bg4 16. h3 Bxf3 17. Qxf3 Rac8 18. Bxf7+ Kh8 19. Be6 Ne5 20. Bxe5
Qxc1 21. Bxg7+ Kxg7 22. Qf7+ Kh6 23. Rxc1 Rxc1+ 24. Kh2 Bg5 25. Bg4 1-0